Τι είναι τέχνη

Αποθηκεύτηκε σε:
Λεπτομέρειες βιβλιογραφικής εγγραφής
Κύριος συγγραφέας: Tolstoy, Leo, graf, 1828-1910
Μορφή: Βιβλίο
Γλώσσα:Greek
Russian
Δημοσίευση: Αθήνα : Printa, 2004.
Έκδοση:3η έκδ.
Σειρά:Στις πηγές της γνώσης
Θέματα:
Ετικέτες: Προσθήκη ετικέτας
Δεν υπάρχουν, Καταχωρήστε ετικέτα πρώτοι!

MARC

LEADER 00000cam a2200000 i 4500
001 1/75700
008 050426s2004 gr | ||| |||| ||gre||
020 |a 9607408101 
035 |l 10077776 
040 |a GR-MyUa  |b gre  |e AACR2 
041 1 |a gre  |h rus 
082 7 |a 700.1   |2 (21) 
100 1 |a Tolstoy, Leo,   |c graf,   |d 1828-1910. 
245 1 0 |a Τι είναι τέχνη /   |c Λέων Τολστόι ; μετάφραση, εισαγωγή Βασίλης Τομανάς ; επιμέλεια Αθανάσιος Τσικούδης.  
250 |a 3η έκδ. 
260 |a Αθήνα :   |b Printa,   |c 2004.  
300 |a 285 σ. ;   |c 21 εκ. 
490 1 |a (Στις πηγές της γνώσης) 
650 0 |a Art  |x Philosophy. 
650 0 |a Arts and morals. 
830 0 |a Στις πηγές της γνώσης 
852 |a INST  |b SYROS  |e 20050426  |h 700.1 TOL  |p 005500003533  |q 005500003533  |t BK  |y 0 
852 |a INST  |b SYROS  |e 20050426  |h 700.1 TOL  |p 005500003925  |q 005500003925  |t BK  |y 0 
852 |a INST  |b SYROS  |e 20050426  |h 700.1 TOL  |p 005500004192  |q 005500004192  |t BK  |y 0 
901 |a BIBL5-2005-1 
920 |a Διεύρυνση  |b ΕΠΕΑΕΚ-ΤΜΣΠΣ  |y Σύρος  |z 2004-10 
970 |a Καγιαβά  |b Ειρήνη  |z 26/04/2005